000 00269nam a22001217a 4500
008 170519b xxu||||| |||| 00| 0 eng d
041 _aeng
080 _a94(100)
100 _a16
101 _aSHH
245 _aEXPLORING THE OCEAN WORLD
_cIDYLL, C.P
942 _2udc
_cBK
999 _c13556
_d13556